Mis amigos los gatos : (Registro nro. 11740)

Detalles MARC
000 -LIDER
fixed length control field 00675nam a22002297a 4500
001 - NÚMERO DE CONTROL
Identificador de número de control 000627
003 - IDENTIFICACDOR DE NÚMERO DE CONTROL
control field DO-SdBNP
005 - DATE AND TIME OF LATEST TRANSACTION
control field 20180205133507.0
007 - CAMPOS FIJOS DE DESCRIPCIÓN FÍSICA
fixed length control field 000627
008 - ELEMENTOS DE LONGITUD FIJA
fixed length control field 161101b 1973 sp a ||||| |||| 00| 0 spa d
020 ## - ISBN
International Standard Book Number 8430509127
040 ## - FUENTE DE CATALOGACIÓN
Agencia que crea de manera original el registro BPMSU
Idioma de catalogación spa
Agencia que realiza la transcripción BPMSU
100 1# - ASIENTO PRINCIPAL -- NOMBRE PERSONAL
Nombre personal Santilli, Grazia
245 10 - MENCIÓN DE TITULO
Título Mis amigos los gatos :
Subtítulo hamster, ratón blanco, tortugas, ardillas /
Mención de responsabilidad Grazia Santilli.
260 ## - PUBLICACIÓN, DISTRIBUCIÓN, ETC. (PIE DE IMPRENTA)
Lugar de publicación, distribución, etc Madrid :
Nombre del editor, distribuidor, etc. Ediciones Susaeta,
Fecha de publicación, distribución, etc 1973.
300 ## - DESCRIPCIÓN FÍSICA
Extensión 47 p. :
Otros detalles físicos il. ;
Dimensiones 28 cm.
490 1# - MENCIÓN DE SERIES
Mención de serie Primavera
Volume/sequential designation 2
830 #0 - ASIENTO SECUNDARIO DE SERIE--TÍTULO UNIFORME
Título uniforme Primavera ;
Volume number/sequential designation 2
942 ## - ADDED ENTRY ELEMENTS (KOHA)
Source of classification or shelving scheme Dewey Decimal Classification
Koha item type Libros
945 ## - INFORMACIÓN DE PROCESAMIENTO LOCAL
Información de procesamiento local Inventariado, 2018/MFF
956 ## - LOCAL ELECTRONIC LOCATION AND ACCESS (OCLC)
Método de acceso LOPEREZ
Materiales especificados 10
Enlace 20161101
Campo enlazado y núm. de secuencia BPMSU
Nombre de host 00041
Existencias
Withdrawn status Lost status Source of classification or shelving scheme Damaged status Not for loan Collection code Home library Current library Date acquired Source of acquisition Total Checkouts Barcode Date last seen Price effective from Koha item type
    Dewey Decimal Classification     Colección Infantil General Biblioteca Pública Metropolitana Salomé Ureña Biblioteca Pública Metropolitana Salomé Ureña 11/01/2016 Donación   BPMSU16110005 11/01/2016 11/01/2016 Libros